MARC details
| 000 -LEADER |
| fixed length control field |
01631cam a22003734a 4500 |
| 001 - CONTROL NUMBER |
| control field |
13986144 |
| 003 - CONTROL NUMBER IDENTIFIER |
| control field |
OSt |
| 005 - DATE AND TIME OF LATEST TRANSACTION |
| control field |
20230704085024.0 |
| 008 - FIXED-LENGTH DATA ELEMENTS--GENERAL INFORMATION |
| fixed length control field |
050531s2005 dcua b i000 0 eng c |
| 010 ## - LIBRARY OF CONGRESS CONTROL NUMBER |
| LC control number |
2005276778 |
| 020 ## - INTERNATIONAL STANDARD BOOK NUMBER |
| International Standard Book Number |
1589062507 |
| 035 ## - SYSTEM CONTROL NUMBER |
| System control number |
(OCoLC)ocm57615887 |
| 040 ## - CATALOGING SOURCE |
| Original cataloging agency |
DJB |
| Transcribing agency |
DJB |
| Modifying agency |
OCLCQ |
| -- |
AFQ |
| -- |
DLC |
| 042 ## - AUTHENTICATION CODE |
| Authentication code |
pcc |
| 043 ## - GEOGRAPHIC AREA CODE |
| Geographic area code |
cl----- |
| 082 00 - DEWEY DECIMAL CLASSIFICATION NUMBER |
| Classification number |
339.5 |
| Item number |
SIN |
| 245 00 - TITLE STATEMENT |
| Title |
Stabilization and reform in Latin America : |
| Remainder of title |
a macroeconomic perspective on the experience since the early 1990s / |
| Statement of responsibility, etc. |
Anoop Singh ... [et al.]. |
| 260 ## - PUBLICATION, DISTRIBUTION, ETC. (IMPRINT) |
| Place of publication, distribution, etc. |
Washington, D.C. : |
| Name of publisher, distributor, etc. |
International Monetary Fund, |
| Date of publication, distribution, etc. |
2005. |
| 300 ## - PHYSICAL DESCRIPTION |
| Extent |
xx, 116 p. : |
| Other physical details |
ill. ; |
| Dimensions |
28 cm. |
| 490 1# - SERIES STATEMENT |
| Series statement |
Occasional paper / International Monetary Fund ; |
| Volume/sequential designation |
238 |
| 500 ## - GENERAL NOTE |
| General note |
"Anoop Singh, Agnès Belaisch, Charles Collyns, Paula De Masi, Reva Krieger, Guy Meredith, and Robert Rennhack." |
| 504 ## - BIBLIOGRAPHY, ETC. NOTE |
| Bibliography, etc |
Includes bibliographical references. |
| 530 ## - ADDITIONAL PHYSICAL FORM AVAILABLE NOTE |
| Additional physical form available note |
Also available on the World Wide Web. |
| 610 20 - SUBJECT ADDED ENTRY--CORPORATE NAME |
| Corporate name or jurisdiction name as entry element |
International Monetary Fund |
| Geographic subdivision |
Latin America. |
| 651 #0 - SUBJECT ADDED ENTRY--GEOGRAPHIC NAME |
| Geographic name |
Latin America |
| General subdivision |
Economic policy. |
| 651 #0 - SUBJECT ADDED ENTRY--GEOGRAPHIC NAME |
| Geographic name |
Latin America |
| General subdivision |
Economic conditions |
| Chronological subdivision |
1982- |
| 700 1# - ADDED ENTRY--PERSONAL NAME |
| Personal name |
Singh, Anoop. |
| 830 #0 - SERIES ADDED ENTRY--UNIFORM TITLE |
| Uniform title |
Occasional paper (International Monetary Fund) ; |
| Volume number/sequential designation |
238. |
| 856 41 - ELECTRONIC LOCATION AND ACCESS |
| Materials specified |
Table of contents only |
| Uniform Resource Identifier |
<a href="http://www.loc.gov/catdir/toc/fy0612/2005276778.html">http://www.loc.gov/catdir/toc/fy0612/2005276778.html</a> |
| 856 41 - ELECTRONIC LOCATION AND ACCESS |
| Materials specified |
Full text ; |
| Public note |
in .pdf format: |
| Uniform Resource Identifier |
<a href="http://www.imf.org/external/pubs/ft/op/238/index.htm">http://www.imf.org/external/pubs/ft/op/238/index.htm</a> |
| 906 ## - LOCAL DATA ELEMENT F, LDF (RLIN) |
| a |
7 |
| b |
cbc |
| c |
pccadap |
| d |
2 |
| e |
ncip |
| f |
20 |
| g |
y-gencatlg |
| 942 ## - ADDED ENTRY ELEMENTS (KOHA) |
| Source of classification or shelving scheme |
Dewey Decimal Classification |
| Koha item type |
Books |